Państwa świata po kształcie flagi #4 - Statystyki

Ogólne statystyki
  • Ten quiz został rozwiązany 10 214 razy
  • Średni wynik to 13 z 16
Statystyki odpowiedzi
Obrazkowy Odpowiedź % Poprawnych
Francja
100%
Szwecja
99%
Rumunia
96%
Albania
95%
Maroko
94%
Jamajka
93%
Indonezja
89%
Chile
85%
Armenia
83%
Singapur
79%
Uzbekistan
74%
Tanzania
65%
Palau
59%
Eswatini
55%
Burundi
52%
Wyspy Salomona
43%
Nie znaleziono quizów pasujących do podanych kryteriów
Rozkład punktacji
Procent ludzi z każdym wynikiem
Percentyl według liczby udzielonych odpowiedzi
Twoja historia wyników
Nie rozwiązałeś tego quizu